Hodnotenie izolácie priechodiek z tvrdého papiera z hľadiska čiastkových výbojov : Kand.diz.práca : V.odb. 39-21-9 : Obh. 08.12.1977 /

Gespeichert in:
Bibliographische Detailangaben
1. Verfasser: Zlatovský, Ján (Verfasst von)
Weitere Verfasser: Gábriš, František (Betreuung Doktorarbeit)
Format: Manuskript Buch
Veröffentlicht: Bratislava : SVŠT v Bratislave EF, 1977
Schlagworte:
Tags: Tag hinzufügen
Keine Tags, Fügen Sie das erste Tag hinzu!

MARC

LEADER 00000ntm a22000003a 4500
001 stu5643
005 20150617225808.4
008 ------s1977----------------------------d
040 |a STU  |b slo 
041 0
100 1 |a Zlatovský, Ján  |4 aut  |u E130  |U FEI Fakulta elektrotechniky a informatiky  |T FEI Katedra elektroenergetiky  |U E130  |Y 59 
245 1 |a Hodnotenie izolácie priechodiek z tvrdého papiera z hľadiska čiastkových výbojov :  |b Kand.diz.práca : V.odb. 39-21-9 : Obh. 08.12.1977 /  |c [aut.] Zlatovský,Jan, Ing.; Škol. Gábriš,František 
260 |a Bratislava :  |b SVŠT v Bratislave EF,  |c 1977 
300 |a 106 s :  |b príl 
650 7 |a energetika  |2 stusub 
700 1 |a Gábriš, František  |4 ths 
996 |b 284ED00796  |c E*KDIZ-191  |l EE01  |s A  |a 24  |w stu5643_0001